000 00386nam a22001577a 4500
005 20251108172400.0
008 250721s1983 xx 000 0 eng d
082 1 4 _aJ/F/MIL
100 1 _aMiller, Margaret J
245 1 4 _aThe Big Brown Teapot /
264 1 _aLondon :
_bHodder & Stoughten,
_c1983.
300 _a81p : ill
650 1 7 _aFiction
942 _2ddc
_cBK
999 _c77822
_d77822